Raum und Bevölkerung in der Weltgeschichte

Saved in:
Bibliografiske detaljer
Main Authors: Kirsten, Ernst (Author), Buchholz, Ernst Wolfgang (Author), Köllmann, Wolfgang (Author)
Format: Bog
Sprog:tysk
Udgivet: Wurzburgo A. G. Ploetz 1956
Udgivelse:2a. ed
Fag:
Tags: Tilføj Tag
Ingen Tags, Vær først til at tagge denne postø!

MARC

LEADER 00000nam a2200000 a 4500
001 UCP6408
003 CL-VaPUC
008 991022e19560000GW |||||||||||||||||ger|d
082 0 4 |a 304.6  |b KIR  |2 21 
100 0 |a Kirsten, Ernst  |e author  |9 435538 
700 0 |a Buchholz, Ernst Wolfgang  |e author  |9 435539 
700 0 |a Köllmann, Wolfgang  |e author  |9 435540 
245 1 0 |a Raum und Bevölkerung in der Weltgeschichte 
250 |a 2a. ed 
300 |a 2 v 
942 |c BK 
945 |d 19991022 00:00:00  |a crobeson 
260 |a Wurzburgo  |b A. G. Ploetz  |c 1956 
500 |a v.2 p.2: Vom Mittelalter zur Neuzeit 
500 |a v.2 p.3: Bevölkerung und Raum in Neuerer und Neuester Zeit 
650 7 |a DEMOGRAFIA HISTORICA  |2 CL-VaPUC  |9 322344 
650 7 |a CRECIMIENTO DEMOGRAFICO  |2 CL-VaPUC  |9 338225 
650 0 |a Población  |9 257577 
583 |a last modification  |c 19991022 00:00:00  |k Rodrigo Vera 
999 |c 283995  |d 283993 
952 |0 0  |1 0  |4 0  |6 304_600000000000000_KIR_1956  |7 0  |8 A  |9 327582  |a BIBHIS  |b BIBHIS  |d 2019-11-20  |h v.2 t.2-3  |i 1370014  |o 304.6 KIR 1956  |p 1370014  |r 2025-01-20  |w 2019-11-20  |y BK  |k HIS